| 000 | 00931nas a2200301 4500 | ||
|---|---|---|---|
| 001 | BR2012007995 | ||
| 003 | BR-BrBNA | ||
| 005 | 20231205121349.0 | ||
| 007 | ta | ||
| 008 | 230509b bl.|||p| |||| 00| 00por d | ||
| 040 |
_aBR-BrBNA _bpor _cBiblioteca Nacional de Agricultura |
||
| 041 | _a(En) | ||
| 072 | _aL60 | ||
| 100 | 1 | _aJucá-Queiróz, B. | |
| 100 | 1 | _aSantander-Neto, J. | |
| 100 | 1 | _aMedeiros, R.S. de | |
| 100 | 1 | _aNascimento, F.C.P. | |
| 100 | 1 | _aFurtado-Neto, M.A. de A. | |
| 100 | 1 | _aFaria, V.V. | |
| 100 | 1 | _aRincon, G. | |
| 245 | 1 | _aCartilaginous fishes (Class chondrichthyes)off Ceará state, Brazil, western equatorial Atlantic - an update | |
| 650 | _aTUBARÃO | ||
| 650 | _aRAIA | ||
| 650 | _aTAXONOMIA ANIMAL | ||
| 773 | 0 |
_tArquivos de Ciências do Mar (Brazil) _xISSN 0374-5686 _g(2008), v. 41(2) p. 73-81 _wBR2012007995 |
|
| 909 |
_a202311 _bLúcia _c55 _dLúcia Elande |
||
| 942 |
_2AGRIS _n0 _cANA |
||
| 999 |
_c223173 _d223173 |
||